<?xml version="1.0" encoding="UTF-8"?>
<collection xmlns:xsi="http://www.w3.org/2001/XMLSchema-instance" xsi:schemaLocation="http://www.loc.gov/MARC21/slim http://www.loc.gov/standards/marcxml/schema/MARC21slim.xsd" xmlns="http://www.loc.gov/MARC21/slim">
 <record>
  <leader>00000cam a22000004a 4500</leader>
  <controlfield tag="001">UP-8027390931316278897</controlfield>
  <controlfield tag="003">Buklod</controlfield>
  <controlfield tag="005">20170511100524.0</controlfield>
  <controlfield tag="006">a     r    |||| u|</controlfield>
  <controlfield tag="007">ta</controlfield>
  <controlfield tag="008">070822s2008    enk     rb   |001 0|eng d</controlfield>
  <datafield tag="020" ind1=" " ind2=" ">
   <subfield code="a">9781844074303 (hardback)</subfield>
  </datafield>
  <datafield tag="020" ind1=" " ind2=" ">
   <subfield code="a">1844074303 (hardback)</subfield>
  </datafield>
  <datafield tag="035" ind1=" " ind2=" ">
   <subfield code="a">(iLib)UPMIN-00009486843</subfield>
  </datafield>
  <datafield tag="040" ind1=" " ind2=" ">
   <subfield code="a">DLC</subfield>
   <subfield code="d">DLAW</subfield>
  </datafield>
  <datafield tag="041" ind1="0" ind2=" ">
   <subfield code="a">eng</subfield>
  </datafield>
  <datafield tag="041" ind1="0" ind2=" ">
   <subfield code="a">eng</subfield>
  </datafield>
  <datafield tag="042" ind1=" " ind2=" ">
   <subfield code="a">DMLUC</subfield>
  </datafield>
  <datafield tag="090" ind1=" " ind2=" ">
   <subfield code="a">K 3926</subfield>
   <subfield code="b">F88 2008</subfield>
  </datafield>
  <datafield tag="245" ind1="0" ind2="4">
   <subfield code="a">The future control of food</subfield>
   <subfield code="b">a guide to international negotiations and rules on intellectual property, biodiversity and food security</subfield>
   <subfield code="c">edited by Geoff Tansey and Tasmin Rajotte.</subfield>
  </datafield>
  <datafield tag="264" ind1=" " ind2="1">
   <subfield code="a">London</subfield>
   <subfield code="b">Earthscan</subfield>
   <subfield code="a">Ottawa [Ont.]</subfield>
   <subfield code="c">2008.</subfield>
  </datafield>
  <datafield tag="300" ind1=" " ind2=" ">
   <subfield code="a">xxi, 266 p.</subfield>
  </datafield>
  <datafield tag="500" ind1=" " ind2=" ">
   <subfield code="a">&quot;Quaker International Affairs Programme.&quot;</subfield>
  </datafield>
  <datafield tag="505" ind1="0" ind2=" ">
   <subfield code="a">Food, farming, and global rules / Geoff Tansey -- Turning plant varieties into intellectual property : the UPOV Convention / Graham Dutfield -- Bringing minimum global intellectual property standards into agriculture : the Agreement on Trade-Related Aspects of Intellectual Property Rights (TRIPS) / Pedro Roffe -- Promoting and extending the reach of intellectual property : the World Intellectual Property Organisation (WIPO) / Maria Julia Oliva -- Safeguarding biodiversity : the Convention on Biological Diversity (CBD) / Susan Bragdon, Kathryn Garforth, and John E. Haapala, Jr. -- Giving priority to the commons : the International Treaty on Plant Genetic Resources for Food and Agriculture (ITPGRFA) / Michael Halewood and Kent Nnadozie -- The negotiations web : complex connections / Tasmin Rajotte -- Responding to change / Heike Baumuller and Geoff Tansey -- Postcards from international negotiations / Peter Drahos and Geoff Tansey -- Global rules, local needs / Geoff Tansey.</subfield>
  </datafield>
  <datafield tag="650" ind1=" " ind2="0">
   <subfield code="a">Food law and legislation.</subfield>
  </datafield>
  <datafield tag="650" ind1=" " ind2="0">
   <subfield code="a">Plant varieties</subfield>
   <subfield code="v">Patents</subfield>
   <subfield code="x">Government policy.</subfield>
  </datafield>
  <datafield tag="650" ind1=" " ind2="0">
   <subfield code="a">Produce trade</subfield>
   <subfield code="x">Law and legislation.</subfield>
  </datafield>
  <datafield tag="650" ind1=" " ind2="0">
   <subfield code="a">Intellectual property (International law)</subfield>
  </datafield>
  <datafield tag="650" ind1=" " ind2="0">
   <subfield code="a">Food industry and trade</subfield>
   <subfield code="x">Standards.</subfield>
  </datafield>
  <datafield tag="650" ind1=" " ind2="0">
   <subfield code="a">Biodiversity conservation</subfield>
   <subfield code="x">Law and legislation.</subfield>
  </datafield>
  <datafield tag="650" ind1=" " ind2="0">
   <subfield code="a">Genetic resources conservation</subfield>
   <subfield code="x">Law and legislation.</subfield>
  </datafield>
  <datafield tag="700" ind1="1" ind2=" ">
   <subfield code="a">Tansey, Geoff.</subfield>
  </datafield>
  <datafield tag="700" ind1="1" ind2=" ">
   <subfield code="a">Rajotte, Tasmin.</subfield>
  </datafield>
  <datafield tag="905" ind1=" " ind2=" ">
   <subfield code="a">FO</subfield>
  </datafield>
  <datafield tag="950" ind1=" " ind2=" ">
   <subfield code="a">Monograph</subfield>
  </datafield>
  <datafield tag="852" ind1="0" ind2=" ">
   <subfield code="a">UPMIN</subfield>
   <subfield code="b">UPMIN-MAIN</subfield>
   <subfield code="h">K 3926</subfield>
   <subfield code="i">F88 2008</subfield>
  </datafield>
  <datafield tag="942" ind1=" " ind2=" ">
   <subfield code="a">Book</subfield>
  </datafield>
 </record>
</collection>
